5HLuxD.jpg

KING HENRY VIII SENIOR AND PRIMARY SCHOOL LIBRARY OPAC

Othello / (Record no. 390)

000 -LEADER
fixed length control field 01718cam a2200433 a 4500
001 - CONTROL NUMBER
control field 15887251
003 - CONTROL NUMBER IDENTIFIER
control field OSt
005 - DATE AND TIME OF LATEST TRANSACTION
control field 20190809085326.0
008 - FIXED-LENGTH DATA ELEMENTS--GENERAL INFORMATION
fixed length control field 090831r20091989enkabg bq 000 0 eng d
010 ## - LIBRARY OF CONGRESS CONTROL NUMBER
LC control number 2009464730
020 ## - INTERNATIONAL STANDARD BOOK NUMBER
International Standard Book Number 9780198328735 (pbk.)
020 ## - INTERNATIONAL STANDARD BOOK NUMBER
International Standard Book Number 0198328737 (pbk.)
035 ## - SYSTEM CONTROL NUMBER
System control number (OCoLC)ocn246896026
040 ## - CATALOGING SOURCE
Original cataloging agency BTCTA
Transcribing agency BTCTA
Modifying agency YDXCP
-- STH
-- DLC
042 ## - AUTHENTICATION CODE
Authentication code lccopycat
043 ## - GEOGRAPHIC AREA CODE
Geographic area code a-cy---
-- e-it---
050 00 - LIBRARY OF CONGRESS CALL NUMBER
Classification number PR2829.A2
Item number G55 2009
082 00 - DEWEY DECIMAL CLASSIFICATION NUMBER
Classification number 822.33 SHA
Edition number 23
100 1# - MAIN ENTRY--PERSONAL NAME
Personal name Shakespeare, William,
Dates associated with a name 1564-1616.
Relator term author
245 10 - TITLE STATEMENT
Title Othello /
Statement of responsibility, etc. [William Shakespeare] ; edited by Roma Gill.
250 ## - EDITION STATEMENT
Edition statement New ed.
260 ## - PUBLICATION, DISTRIBUTION, ETC.
Place of publication, distribution, etc. Oxford ;
-- New York :
Name of publisher, distributor, etc. Oxford University Press,
Date of publication, distribution, etc. 2009.
300 ## - PHYSICAL DESCRIPTION
Extent xxii, 174 p. :
Other physical details ill., map, music ;
Dimensions 22 cm.
490 0# - SERIES STATEMENT
Series statement Oxford school Shakespeare
500 ## - GENERAL NOTE
General note "First published in 1989"--T.p. verso.
500 ## - GENERAL NOTE
General note In addition to the play, this text contains an introduction to the play, biographical information on Shakespeare, ways of exploring Othello in the classroom, and further readings and resources.
504 ## - BIBLIOGRAPHY, ETC. NOTE
Bibliography, etc. note Includes filmography (p. 174).
504 ## - BIBLIOGRAPHY, ETC. NOTE
Bibliography, etc. note Includes bibliographical references (p. 173-174).
600 00 - SUBJECT ADDED ENTRY--PERSONAL NAME
Personal name Othello
Titles and other words associated with a name (Fictitious character from Shakespeare)
Form subdivision Drama.
650 #0 - SUBJECT ADDED ENTRY--TOPICAL TERM
Topical term or geographic name entry element Jealousy
Form subdivision Drama.
650 #0 - SUBJECT ADDED ENTRY--TOPICAL TERM
Topical term or geographic name entry element Muslims
Form subdivision Drama.
651 #0 - SUBJECT ADDED ENTRY--GEOGRAPHIC NAME
Geographic name Venice (Italy)
Form subdivision Drama.
651 #0 - SUBJECT ADDED ENTRY--GEOGRAPHIC NAME
Geographic name Cyprus
Form subdivision Drama.
700 1# - ADDED ENTRY--PERSONAL NAME
Personal name Gill, Roma.
Relator term Editor
856 42 - ELECTRONIC LOCATION AND ACCESS
Materials specified Publisher description
Uniform Resource Identifier <a href="http://www.loc.gov/catdir/enhancements/fy0917/2009464730-d.html">http://www.loc.gov/catdir/enhancements/fy0917/2009464730-d.html</a>
906 ## - LOCAL DATA ELEMENT F, LDF (RLIN)
a 7
b cbc
c copycat
d 2
e ncip
f 20
g y-gencatlg
942 ## - ADDED ENTRY ELEMENTS (KOHA)
Source of classification or shelving scheme
Koha item type Books - Non Ficton
Holdings
Withdrawn status Lost status Source of classification or shelving scheme Damaged status Not for loan Collection code Permanent Location Current Location Shelving location Date acquired Total Checkouts Full call number Barcode Date last seen Date last checked out Price effective from Koha item type
          Non-Fiction KH8 Senior School Library KH8 Senior School Library Non Fiction 2019-08-09 1 822.33 SHA 3KHSL000100230 2025-04-17 2025-03-05 2019-08-09 Books - Non Ficton

Powered By KH8 IT Dept